[Event "Balaguer op 16th "]
[Site "Balaguer"]
[Date "2011.07.20"]
[Round "4"]
[White "Borras Camarasa, Marc"]
[Black "Subarroca Blanch, Francesco"]
[Result "0-1"]
[WhiteElo "1601"]
[BlackElo "1880"]
[PlyCount "110"]
[EventDate "2011.07.17"]
[EventType "swiss"]
[EventRounds "9"]
[EventCountry "ESP"]
[SourceTitle "CBM 143 Extra"]
[Source "ChessBase"]
[SourceDate "2011.08.29"]
[SourceVersion "1"]
[SourceVersionDate "2011.08.29"]
[SourceQuality "1"]

1. e4 b6 2. d4 Bb7 3. Nc3 Nf6 4. e5 Nd5 5. Nxd5 Bxd5 6. Nf3 h6 7. c4 Bb7 8. Bd3 e6 9. Bd2 Be7 10. 0-0 0-0 11. b4 a6 12. a4 Bxf3 13. Qxf3 Nc6 14. Bxh6 gxh6 15. Qe4 f5 16. exf6 Rxf6 17. Qh7+ Kf8 18. Bg6 Rxg6 19. Qxg6 Bf6 20. Qxh6+ Bg7 21. Qf4+ Kg8 22. Rad1 Nxb4 23. d5 e5 24. Qe4 Qf6 25. d6 c6 26. f4 Rf8 27. fxe5 Qxe5 28. Rxf8+ Kxf8 29. Qh4 Qe3+ 30. Kh1 Qe6 31. Qd8+ Kf7 32. Qxb6 Qxc4 33. Qf2+ Bf6 34. Qf5 Qe6 35. Qxe6+ Kxe6 36. g4 Nd5 37. Re1+ Kxd6 38. Kg2 c5 39. Kg3 Be5+ 40. Kg2 c4 41. h4 c3 42. Kf3 c2 43. Rc1 Nb4 44. g5 Bb2 45. g6 Ke7 46. Rxc2 Nxc2 47. Ke4 Bg7 48. Kd5 Ne3+ 49. Kc5 a5 50. Kb5 Bc3 51. h5 Nf5 52. Kc4 Bb4 53. Kd5 Kf6 54. Ke4 Ng3+ 55. Kd5 Nxh5 0-1

[Event "Balaguer op 16th "]
[Site "Balaguer"]
[Date "2011.07.17"]
[Round "1"]
[White "Iagar, Razvan Gabriel"]
[Black "Borras Camarasa, Marc"]
[Result "1-0"]
[WhiteElo "2162"]
[BlackElo "1601"]
[PlyCount "53"]
[EventDate "2011.07.17"]
[EventType "swiss"]
[EventRounds "9"]
[EventCountry "ESP"]
[SourceTitle "EXT 2012"]
[Source "ChessBase"]
[SourceDate "2011.11.24"]
[SourceVersion "1"]
[SourceVersionDate "2011.11.24"]
[SourceQuality "1"]

1. d4 d6 2. Nf3 g6 3. c4 Nf6 4. g3 Bg7 5. Bg2 0-0 6. 0-0 Nbd7 7. Nc3 c5 8. d5 Nb6 9. Nd2 Bd7 10. a4 Rb8 11. h3 Qc8 12. Kh2 a5 13. e4 Na8 14. f4 Nh5 15. Ra3 Nc7 16. Nf3 e5 17. dxe6 Bxe6 18. Nd5 Bxd5 19. cxd5 Re8 20. Nd2 Nf6 21. Nc4 Nxe4 22. Bxe4 Rxe4 23. Nxd6 Rd4 24. Nxc8 Rxd1 25. Ne7+ Kf8 26. Rxd1 Kxe7 27. d6+ 1-0

[Event "Tancats de l'Urgell D"]
[Site "Tarrega"]
[Date "2011.04.08"]
[Round "1.1"]
[White "Borras Camarasa, Marc"]
[Black "Grau Montroig, Salvador"]
[Result "0-1"]
[WhiteElo "1882"]
[BlackElo "1841"]
[PlyCount "46"]
[EventDate "2011.04.08"]
[EventType "tourn"]
[EventRounds "9"]
[EventCountry "ESP"]
[SourceTitle "EXT 2023"]
[Source "ChessBase"]
[SourceDate "2022.10.05"]
[SourceVersion "1"]
[SourceVersionDate "2022.10.05"]
[SourceQuality "1"]

1. e4 c5 2. Nf3 d6 3. Bb5+ Bd7 4. Bxd7+ Nxd7 5. d4 cxd4 6. Nxd4 Ngf6 7. Nc3 g6 8. Be3 Bg7 9. 0-0 0-0 10. f4 Nb6 11. b3 Rc8 12. Nce2 Nxe4 13. f5 Nd5 14. Bf4 b5 15. Bg3 Ne3 16. Qd3 Nxf1 17. Qxe4 Nxg3 18. Nxg3 Qb6 19. Rd1 Qc5 20. Qg4 a6 21. h4 Bxd4+ 22. Rxd4 f6 23. Kh2 Qxc2 0-1

[Event "Lleida-ch U16"]
[Site "Lleida"]
[Date "2011.??.??"]
[Round "4.2"]
[White "Borras Camarasa, Marc"]
[Black "Perez Cabas, Jose"]
[Result "1/2-1/2"]
[WhiteElo "1593"]
[BlackElo "1915"]
[PlyCount "58"]
[EventDate "2011.01.15"]
[EventType "tourn"]
[EventRounds "6"]
[EventCountry "ESP"]
[SourceTitle "EXT 2024"]
[Source "ChessBase"]
[SourceDate "2023.10.10"]
[SourceVersion "1"]
[SourceVersionDate "2023.10.10"]
[SourceQuality "1"]

1. e4 c5 2. Nf3 e6 3. d4 cxd4 4. Nxd4 Nc6 5. c4 Qc7 6. Nc3 a6 7. Be2 Nf6 8. 0-0 Be7 9. Bg5 0-0 10. Kh1 d6 11. f4 Na5 12. Rc1 h6 13. Bh4 Nc6 14. f5 Nxe4 15. Nxe4 Bxh4 16. f6 Bxf6 17. Nxf6+ gxf6 18. Rxf6 Kg7 19. Rf3 Nxd4 20. Qxd4+ e5 21. Qh4 f5 22. Rg3+ Kh7 23. Bh5 f4 24. Rg6 Bf5 25. Rf6 Qd8 26. Bf7 Rxf7 27. Rxf7+ Kg6 28. Qxd8 Rxd8 29. Rxb7 e4 1/2-1/2